Normale Ansicht MARC-Ansicht ISBD

The eighteenth century in Russia / (Titelsatznr. 11841)

[ MARC ]
MARC-Details
000 -Satzkennung
Kontrollfeld mit fester Länge 00432nam a22001571c 4500
001 - Kontrollnummer
Kontrollfeld a987655726
008 - Feld mit fester Länge zur physischen Beschreibung - Allgemeine Angaben
Kontrollfeld mit fester Länge 070417s1973 gw a||| 000u eng d
041 ## - Sprachcode
Sprachcode des Textes/der Tonspur oder des separaten Titels eng
040 ## - Katalogisierungsquelle
Übertragungsstelle RU-10907106
003 - Kontrollnummer Identifier
Kontrollfeld RU-10907106
245 04 - Titel
Titel The eighteenth century in Russia /
Verfasserangabe etc. ed. by J. G. Garrard
264 ## - Produktion, Veröffentlichung, Distribution, Herstellung und Urheberrechtsvermerk
Herstellungs-, Veröffentlichungs- Vertriebs-, Erzeugungsort Oxford :
Produzent, Herausgeber, Distributor, Hersteller Clarendon Pr.,
Datum der Herstellung, der Veröffentlichung, des Vertriebs oder des Urheberschutzvermerks 1973
300 ## - Physische Beschreibung
Umfang XIII, 356 S. : Ill
700 1# - Nebeneintragung - Personenname
Personenname Garrard, Joe G. [Hrsg.]
Funktionsbezeichnung HerausgeberIn
942 ## - Zusätzliche Felder (Koha)
Koha-Medientyp Monographien
Exemplare
Ausgeschieden Verloren Klassifikation oder Aufstellungssystematik Beschädigt Nicht entleihbar Heimatbibliothek Aufenthaltsbibliothek Aufstellungsort Erwerbungsdatum Inventarnummer Signatur Barcode Letzte Aktivität Preis gültig von Koha-Medientyp
    Andere/Generische Klassifikation     MWN Osteuropa MWN Osteuropa Magazin - 2 17/04/2007 07-01545 R 52 b Gar E004015078FBAFB1 22/02/2021 22/03/2021 Monographien